000
00246nam a2200109Ia 4500
005
20251222154335.0
008
251222s9999||||xx |||||||||||||| ||spa||
082
_a
869.26/M15
100
_a
"Mallea, Eduardo"
245
0
_a
El vĂnculo
942
_c
LIB
999
_c
34307
_d
34307